Microsoft frontpage 2000 /

Guardado en:
Autor Principal: Rolando, Jorge Alberto
Formato: Libro
Publicado: Buenos Aires : Mp Ediciones, 1999
Series:Manuales Pc Users; No. 12
Materias:
Etiquetas: Agregar Etiqueta
Sin Etiquetas, Sea el primero en etiquetar este registro!
LEADER 01127nam a22002535a 4500
001 CEM.cems010739
005 20061226172730.0
008 130507s1999##################000#0#####d
003 CEMS
020 |a 9875260177 
082 0 4 |a 001.6425 
100 1 |a Rolando, Jorge Alberto 
245 1 0 |a Microsoft frontpage 2000 /  |c Jorge Alberto Rolando 
260 |a Buenos Aires :  |b Mp Ediciones,  |c 1999 
300 |a 256 p. 
490 0 |a Manuales Pc Users; No. 12 
500 |a Incluye una completa guía de referencia del lenguaje Html 
505 0 |a Introducción a FrontPage 2000 -- Conociendo el programa -- Creación y desarrollo de un sitio web -- Imagen y sonido -- Conceptos avanzados -- Mantenimiento y actualización de un sitio web -- Publicación de una página -- Dar a conocer una página web -- Lenguaje HTML -- Requerimientos de instalación -- Diseño de un CV 
653 |a Informática 
653 |a Frontpage 2000 
653 |a Internet 
653 |a Lenguajes de programación 
859 |a CEMS  |b BIB. CEMS - 11 de abril  |h 001.6425  |i R641  |p 21412.01  |t Ej.1 
859 |a CEMS  |b BIB. CEMS - 11 de abril  |h 001.6425  |i R641  |p 23652.06  |t Ej.2